|
|
|
|
| LEADER |
00000ny a22000003n 4500 |
| 005 |
20110614151622.0 |
| 008 |
990304s1999 sp s 000 0 spa c |
| 017 |
|
|
|a D.L. M40346-1996
|
| 020 |
|
|
|a 8471309300
|
| 035 |
|
|
|a 1641
|
| 040 |
|
|
|a UMA.RE
|d vLex
|
| 040 |
|
|
|a UMA.RLB
|d vLex
|
| 080 |
|
|
|a 342.4(460)
|
| 090 |
|
|
|c 690
|d 690
|
| 245 |
0 |
0 |
|a Comentarios a la Constitucin̤ Espaǫla de 1978
|h [Recurso electrn̤ico]
|c dirigidos por Oscar Alzaga Villaamil / Jos ̌Mara̕ Martn̕ Oviedo ...[et al.]
|p Tomo XI - Articulos 143 a 158 de la Constitucion Espaǫla de 1978
|
| 256 |
|
|
|a Servicio en ln̕ea
|
| 260 |
|
|
|a [Madrid] :
|b Cortes Generales :
|b EDERSA,
|c D.L.1996 (cop.1999)
|
| 300 |
|
|
|a 558 p. ;
|
| 506 |
1 |
|
|a Contenido solo disponible en los productos indicados
|d vLex Global
|d vLex Global (Academic Edition, excluding Law Schools)
|d vLex Global (U.S. Academic Edition, Law Schools)
|d vLex Global (U.S. Academic Edition, excluding Law Schools)
|d vLex Global (Academic Edition, Law Schools)
|
| 650 |
0 |
7 |
|2 Tesauro vLex
|a Constitucional
|
| 650 |
0 |
7 |
|2 Tesauro vLex
|a Comunidades autn̤omas
|
| 650 |
0 |
7 |
|2 Tesauro vLex
|a Competencias autonm̤icas
|
| 700 |
1 |
|
|a Alzaga Villaamil, Oscar,
|e dir
|
| 700 |
1 |
|
|a Martn̕ Oviedo, Jos ̌Mara̕
|
| 710 |
1 |
|
|a Espaą.
|b Cortes Generales,
|e ed
|
| 740 |
0 |
|
|a vLex Libros (Servicios en ln̕ea)
|
| 856 |
4 |
0 |
|z Acceso restringido
|u http://vlex.com/source/1641
|
| 942 |
|
|
|c BOOK
|
| 999 |
0 |
|
|a Spanish autonomous communities
|b Madrid
|